La resolución unilateral del contrato de servicios
Gespeichert in:
| 1. Verfasser: | |
|---|---|
| Format: | Buch |
| Sprache: | Spanisch |
| Veröffentlicht: |
Granada
Comares
2000
|
| Schriftenreihe: | Colección Estudios de Derecho Privado, 20
|
| Schlagworte: | |
| Tags: |
Tag hinzufügen
Keine Tags, Fügen Sie den ersten Tag hinzu!
|
MARC
| LEADER | 00000nam a2200000 a 4500 | ||
|---|---|---|---|
| 001 | UCM8416 | ||
| 003 | CL-VaPUC | ||
| 008 | 030314e20000000SP |||||||||||||||||spa|d | ||
| 082 | 0 | 4 | |a 346.024 |b DIA |2 21 |
| 100 | 0 | |a Díaz Regañón-Alcalá, Calixto |e author |9 474460 | |
| 245 | 1 | 3 | |a La resolución unilateral del contrato de servicios |
| 300 | |a 339 p | ||
| 942 | |c BK | ||
| 945 | |d 20030314 00:00:00 |a rbrito | ||
| 260 | |a Granada |b Comares |c 2000 | ||
| 650 | 0 | |a Derecho privado |9 258243 | |
| 650 | 7 | |a CONTRATO DE SERVICIOS |2 CL-VaPUC |9 389000 | |
| 650 | 0 | |a Jurisprudencia |9 255952 | |
| 650 | 7 | |a PRESTACION DE SERVICIO |2 CL-VaPUC |9 474461 | |
| 650 | 7 | |a NULIDAD DE LOS CONTRATO |2 CL-VaPUC |9 474462 | |
| 650 | 0 | |a Incumplimiento de los contratos |9 385193 | |
| 583 | |a last modification |c 20030314 00:00:00 |k Rodrigo Vera | ||
| 490 | 0 | |a Colección Estudios de Derecho Privado, 20 | |
| 999 | |c 302931 |d 302929 | ||
| 952 | |0 0 |1 0 |4 0 |6 346_024000000000000_DIA_2000 |7 0 |8 A |9 363778 |a BIBDER |b BIBDER |d 2019-11-21 |i 3876888 |l 3 |m 3 |o 346.024 DIA 2000 |p 3876888 |q 2025-12-31 |r 2023-07-03 |s 2023-07-03 |w 2019-11-21 |y BK |k DER | ||